LEADER 02709oam 2200877zu 450 001 9910144012603321 005 20210807002928.0 010 $a3-906390-44-6 035 $a(CKB)1000000000376011 035 $a(SSID)ssj0000354338 035 $a(PQKBManifestationID)11256491 035 $a(PQKBTitleCode)TC0000354338 035 $a(PQKBWorkID)10313163 035 $a(PQKB)11676683 035 $a(EXLCZ)991000000000376011 100 $a20160829d2003 uy 101 0 $aeng 181 $ctxt 182 $cc 183 $acr 200 10$aHydrolysis in drug and prodrug metabolism : chemistry, biochemistry, and enzymology 210 31$a[Place of publication not identified]$cWiley VCH$d2003 300 $aBibliographic Level Mode of Issuance: Monograph 311 $a3-906390-25-X 606 $aDrugs$xMetabolism 606 $aXenobiotics$xMetabolism 606 $aHydrolysis$xEffect of drugs on 606 $aHydration 606 $aEnzymes 606 $aHydrolysis 606 $aPharmaceutical Preparations 606 $aXenobiotics 606 $aEnzymes 606 $aBiochemical Processes 606 $aChemicals and Drugs 606 $aChemical Processes 606 $aEnzymes and Coenzymes 606 $aMetabolism 606 $aBiochemical Phenomena 606 $aChemical Phenomena 606 $aMetabolic Phenomena 606 $aPhenomena and Processes 606 $aPharmacy, Therapeutics, & Pharmacology$2HILCC 606 $aAnimal Biochemistry$2HILCC 606 $aHealth & Biological Sciences$2HILCC 606 $aHuman Anatomy & Physiology$2HILCC 615 0$aDrugs$xMetabolism 615 0$aXenobiotics$xMetabolism 615 0$aHydrolysis$xEffect of drugs on 615 0$aHydration 615 0$aEnzymes 615 2$aHydrolysis 615 2$aPharmaceutical Preparations 615 2$aXenobiotics 615 2$aEnzymes 615 2$aBiochemical Processes 615 2$aChemicals and Drugs 615 2$aChemical Processes 615 2$aEnzymes and Coenzymes 615 2$aMetabolism 615 2$aBiochemical Phenomena 615 2$aChemical Phenomena 615 2$aMetabolic Phenomena 615 2$aPhenomena and Processes 615 7$aPharmacy, Therapeutics, & Pharmacology 615 7$aAnimal Biochemistry 615 7$aHealth & Biological Sciences 615 7$aHuman Anatomy & Physiology 676 $a572.79343 700 $aTesta$b Bernard$0290760 702 $aMayer$b Joachim M 801 0$bPQKB 906 $aBOOK 912 $a9910144012603321 996 $aHydrolysis in drug and prodrug metabolism : chemistry, biochemistry, and enzymology$91966713 997 $aUNINA LEADER 03586nam 2200661 a 450 001 9910971265803321 005 20240514051140.0 010 $a1-283-31258-1 010 $a9786613312587 010 $a90-272-7626-9 035 $a(CKB)2550000000063936 035 $a(EBL)794820 035 $a(OCoLC)759101601 035 $a(SSID)ssj0000826526 035 $a(PQKBManifestationID)11482420 035 $a(PQKBTitleCode)TC0000826526 035 $a(PQKBWorkID)10800386 035 $a(PQKB)10650826 035 $a(Au-PeEL)EBL794820 035 $a(CaPaEBR)ebr10509661 035 $a(DE-B1597)719751 035 $a(DE-B1597)9789027276261 035 $a(MiAaPQ)EBC794820 035 $a(EXLCZ)992550000000063936 100 $a20111207d1996 uy 0 101 0 $aeng 135 $aur|n|---||||| 181 $ctxt$2rdacontent 182 $cc$2rdamedia 183 $acr$2rdacarrier 200 10$aPapers from the eighth annual Symposium on Arabic Linguistics /$feditor, Mushira Eid 205 $a1st ed. 210 1$aAmsterdam ;$aPhiladelphia :$cJohn Benjamin Pub. Co.,$d1996. 215 $a1 online resource (269 pages) $cillustrations 225 1 $aAmsterdam studies in the theory and history of linguistic science. Series IV, Current issues in linguistic theory,$x0304-0763 ;$vv. 134 225 0 $aPerspectives on Arabic linguistics ;$v8 311 08$a90-272-3638-0 320 $aIncludes bibliographical references and index. 327 $aPERSPECTIVES ON ARABIC LINGUISTICS VIII; Editorial page; Title page; Copyright page; Table of contents; FOREWORD; INTRODUCTION; REFERENCES; I. SYNTACTIC PERSPECTIVES; THINGS ARE NOT WHAT THEY SEEM:PRONOUN DOUBLING IN BILINGUAL AND MONOLINGUALGRAMMARS; EXTENDING THE NEGP HYPOTHESIS: EVIDENCEFROM STANDARD ARABIC; NEGATIVE POLARITY AND PRESUPPOSITION INARABIC; NEGATION IN FRENCH AND TUNISIAN ARABIC; BINDING IN ARABIC AND THE LEXICAL CLAUSE; THE INTERACTION OF CAUSATIVITY ANDREFLEXIVITY IN DERIVED ARABIC VERBS; II. PERSPECTIVES ON VARIATION; ARABIC SPEAKERS' RESETTING OF PARAMETERS 327 $aDIGLOSSIA, LINGUISTIC VARIATION, AND LANGUAGE; CHANGE IN ARABIC; III. PHONOLOGICAL PERSPECTIVES; VOICE AS A PRIVATIVE FEATURE:ASSIMILATION IN ARABIC; PHONEMIC PHARYNGEALIZATION; Index of Subjects 330 $aThis volume includes ten papers selected from the Eighth Annual Symposium on Arabic Linguistics, held at the University of Masschusetts, Amherst, 1994. Six of them deal with the syntax of Arabic two with phonology, and two with variation. The topics represented in the volume include binding in Arabic, the analysis of negation and negative polarity items, pronoun doubling in codeswitching, linguistic variation and language change, voice assimilation in Arabic dialects, among others.The volume includes contributions by the following: Mahasen Abu Mansour; Maher Bahloul; Raja Bahloul; Elabba 410 0$aAmsterdam studies in the theory and history of linguistic science.$nSeries IV,$pCurrent issues in linguistic theory ;$v134. 606 $aArabic language$xSyntax$vCongresses 606 $aArabic language$xGrammar$vCongresses 606 $aArabic philology$vCongresses 615 0$aArabic language$xSyntax 615 0$aArabic language$xGrammar 615 0$aArabic philology 676 $a492.7 676 $a492.705 701 $aEid$b Mushira$0173922 801 0$bMiAaPQ 801 1$bMiAaPQ 801 2$bMiAaPQ 906 $aBOOK 912 $a9910971265803321 996 $aPapers from the eighth annual Symposium on Arabic Linguistics$94374431 997 $aUNINA LEADER 03636nam 2200649Ia 450 001 9910586561003321 005 20200520144314.0 010 $a9982-19-047-4 010 $a1-280-02179-9 010 $a0-203-36253-5 010 $a9786610021796 010 $a1-135-74692-3 010 $a0-7484-0292-6 010 $a1-135-74691-5 035 $a(CKB)2560000000052066 035 $a(EBL)181242 035 $a(OCoLC)475890617 035 $a(MiAaPQ)EBC181242 035 $a(EXLCZ)992560000000052066 100 $a19950810d1995 uy 0 101 0 $aeng 135 $aur|n|---||||| 181 $ctxt$2rdacontent 182 $cc$2rdamedia 183 $acr$2rdacarrier 200 00$aAIDS $esafety, sexuality and risk /$fedited by Peter Aggleton, Peter Davies, and Graham Hart 210 $aLondon ;$aBristol, PA $cTaylor & Francis$d1995 215 $a1 online resource (237 p.) 225 1 $aSocial aspects of AIDS 300 $aKey papers presented during the 1994 conferences of the British Sociological Association, the 2nd International Conference on the BioPsycho-Social Aspects of AIDS, and the Xth International Conference on AIDS. 311 08$a0-7484-0291-8 320 $aIncludes bibliographical references and index. 327 $aBook Cover; Title; Contents; Preface; Reputedly Effective Risk Reduction Strategies and Gay Men; HIV-Related Discrimination in Medical Teaching Texts; Travel, Sexual Behaviour and Gay Men; Sexual Behaviour in Gay Men: Towards a Sociology of Risk; Framing Difference: Sexuality, AIDS and Organization; Towards Effective Inter vention: Evaluating HIV Prevention and Sexual Health Education Interventions; Communities, Governments and AIDS: Making Partnerships Work; Socially Apart Youth: Priorities for HIV Prevention 327 $aTheorizing and Researching 'Risk': Notes on the Social Relations of Risk in Heroin Users' LifestylesSex, Love and Seropositivity: Balancing the Risks; One of Us, One of Them, or One of Those? The Construction of Identity and Sexuality in Relation to HIV/AIDS; Sexuality, Identity and Community; Reflections on the MESMAC Project; Discourses of Power and Empowerment in the Fight Against HIV/AIDS in Africa; Notes on Contributors; Index 330 $aSome 12 years into the epidemic, with an effective preventive vaccine or therapy against HIV disease still to be found, this book reflects on the contributions of social and behavioural research to the development of interventions for prevention. After over a decade's work documenting HIV and AIDS-related knowledge, attitudes and behaviour, social researchers have begun to focus more clearly on perceptions of sexual safety and risk, and the factors that contribute to these. The issues addressed by the book were examined during three major conferences in 1994: the annual conference of the Briti 410 0$aSocial aspects of AIDS. 606 $aAIDS (Disease)$xPrevention 606 $aAIDS (Disease)$xPsychological aspects 606 $aAIDS (Disease)$xSocial aspects 606 $aRisk perception 606 $aSex (Psychology) 615 0$aAIDS (Disease)$xPrevention. 615 0$aAIDS (Disease)$xPsychological aspects. 615 0$aAIDS (Disease)$xSocial aspects. 615 0$aRisk perception. 615 0$aSex (Psychology) 676 $a362.1/969792 701 $aAggleton$b Peter$0327294 701 $aDavies$b Peter$g(Peter M.)$0891028 701 $aHart$b Graham$f1957-$0891029 801 0$bMiAaPQ 801 1$bMiAaPQ 801 2$bMiAaPQ 906 $aBOOK 912 $a9910586561003321 996 $aAIDS$94018635 997 $aUNINA